000 00858nas a2200277 4500
001 BR9501428
003 BR-BrBNA
005 20231205094316.0
007 ta
008 230509b bl.|||p| |||| 00| 00por d
040 _aBR-BrBNA
_bpor
_cBiblioteca Nacional de Agricultura
041 _a(Pt)
072 _aH20
100 1 _aAmorim, E.P.R.
100 1 _aPio-Ribeiro, G.
100 1 _aMenezes, M.
100 1 _aCoelho, R.S.B.
245 1 _aPatogenicidade e acao hiperparasitaria de Fusarium decemcellulare sobre Puccina psidii em goiabeira (Psidium guajava)
650 _aGoiaba
650 _aFerrugem
650 _aSuperbrotamento
650 _aControle Biologico
773 0 _tFitopatologia Brasileira (Brazil)
_xISSN 0100-4158
_g(Jun 1993), v. 18(2) p. 226-229
_wBR9501428
909 _a202311
_bLúcia
_c55
_dLúcia Elande
942 _2AGRIS
_n0
_cANA
999 _c143465
_d143465